000 01446cam a2200373 i 4500
001 26394
003 Mx-PuUPA
005 20250211102924.0
008 140415s2018 sp gr 000 0 spa d
017 _aM-49087-2011
020 _a9788422015598
_qrústica
040 _aMx-PuUPA
_cMx-PuUPA
_bspa
_dMx-PuUPA
_erda
041 0 _aspa
100 1 _aMoriones, Francisco,
_d1910-2008
_eautor
_916677
245 1 0 _aTeologia de San Agustín /
_cFrancisco Moriamos, Oar
250 _aPrimera edición /
_bdiciembre
264 1 _aMadrid :
_bBiblioteca de Autores Cristianos,
_c2018
300 _axlvii, 744 páginas ;
_c21 cm
336 _2rdacontent
_atexto
_btxt
337 _2rdamedia
_asin medio
_bn
338 _2rdacarrier
_avolumen
_bnc
490 1 _aBiblioteca de Autores Cristianos ;
_v649
545 1 _aReimpresiones: (Segunda, septiembre de 2018).
600 0 4 _aAgustín,
_cSanto
_xEstudio
600 0 4 _aAgustín,
_cSanto,
_xObispo de Hipoa,
_y354-430
600 0 4 _aAgustín,
_cSanto
_xObispo de Hipona
_xCrítica e interpretación
600 0 4 _aAgustín,
_cSanto
_xObispo de Hpona
_xTeología
650 7 _2armarc
_aTeología dogmática
_xHistoria
_yPeriodo primitivo, 30 a. C.
_xCristianismo
830 0 _aBiblioteca de autores cristianos
_912038
942 _2ddc
_cLI
_h230.14
_iM82
999 _c26394
_d26394